| 000 | 00354nam a22001457a 4500 | ||
|---|---|---|---|
| 008 | 250709b ||||| |||| 00| 0 eng d | ||
| 020 | _a9780552570053 | ||
| 041 | _aSHQIP | ||
| 080 |
_22014 _a001 |
||
| 082 | _a001 | ||
| 100 | _a1 | ||
| 101 | _aGJUHE DHE LETERSI | ||
| 245 |
_aGEORGE AND THE UNBREAKABLE CODE _cLUCY & STEPHEN HAWKING |
||
| 942 |
_2udc _cBK |
||
| 999 |
_c60724 _d60724 |
||